[Event "Ct. Catalunya eq DH"]
[Site "?"]
[Date "2012.03.17"]
[Round "8.8"]
[White "Fernandez Serrano, P."]
[Black "Bravo Barranco, N."]
[Result "1/2-1/2"]
[WhiteElo "2249"]
[BlackElo "2327"]
[PlyCount "84"]
[EventDate "2012.??.??"]
[EventType "team"]
[EventRounds "11"]

1. d4 d5 2. Bf4 c6 3. Nf3 Bf5 4. c4 Qb6 5. Qc1 e6 6. c5 Qa5+ 7. Bd2 Qc7 8. Nc3
b5 9. b4 a5 10. a3 Nd7 11. Bf4 Qb7 12. Nh4 axb4 13. axb4 Rxa1 14. Qxa1 Be7 15.
Nxf5 exf5 16. e3 Bf6 17. Qa5 Bd8 18. Qa2 Ne7 19. Bd3 Bc7 20. Bxc7 Qxc7 21. Bxb5
cxb5 22. Nxb5 Qd8 23. Nd6+ Kf8 24. O-O g6 25. Ra1 Kg7 26. b5 Nc8 27. Nxc8 Qxc8
28. Rb1 Nf6 29. g3 Qb7 30. Kg2 Ne4 31. Qb2 Qd7 32. b6 Qe6 33. b7 Rb8 34. Qb6
Ng5 35. Qxe6 Nxe6 36. c6 Kf6 37. f3 Nc7 38. Kf2 Ke6 39. Ke2 Kd6 40. Rc1 Na6 41.
e4 fxe4 42. fxe4 Re8 1/2-1/2

[Event "Ct. Catalunya eq DH"]
[Site "?"]
[Date "2012.03.17"]
[Round "8.8"]
[White "Llaneza Vega, P."]
[Black "Martin Gonzalez, A."]
[Result "0-1"]
[WhiteElo "2316"]
[BlackElo "2418"]
[PlyCount "94"]
[EventDate "2012.??.??"]
[EventType "team"]
[EventRounds "11"]

1. e4 c5 2. Nf3 Nc6 3. d4 cxd4 4. Nxd4 g6 5. Nc3 Bg7 6. Be3 Nf6 7. Bc4 O-O 8.
Bb3 d6 9. f3 Bd7 10. Qd2 Nxd4 11. Bxd4 b5 12. Nd5 Nxd5 13. Bxg7 Kxg7 14. Bxd5
Rc8 15. O-O Qb6+ 16. Kh1 b4 17. Rac1 Rc7 18. c3 Rfc8 19. cxb4 Rxc1 20. Rxc1
Qxb4 21. Rc3 Rxc3 22. Qxc3+ Qxc3 23. bxc3 Kf6 24. f4 e6 25. Bb3 Bc6 26. Bc2 g5
27. g3 gxf4 28. gxf4 e5 29. fxe5+ Kxe5 30. Kg1 Bxe4 31. Ba4 f5 32. Kf2 f4 33.
Bb5 Kf5 34. a3 Bc2 35. Bc6 h6 36. Bb5 Ke4 37. Bc4 d5 38. Bb5 Bb3 39. h4 Bc4 40.
Bc6 Kd3 41. Kf3 Kxc3 42. Kxf4 d4 43. Bf3 d3 44. Kf5 d2 45. Kg6 Bb3 46. Kxh6
d1=Q 47. Bxd1 Bxd1 0-1

[Event "Ct. Catalunya eq DH"]
[Site "?"]
[Date "2012.03.17"]
[Round "8.8"]
[White "Ordobas Martinez, V."]
[Black "Sadrija, E."]
[Result "1/2-1/2"]
[WhiteElo "2208"]
[BlackElo "2261"]
[PlyCount "123"]
[EventDate "2012.??.??"]
[EventType "team"]
[EventRounds "11"]

1. e4 c5 2. c3 e6 3. d4 b6 4. Nf3 Bb7 5. Bd3 Qc7 6. O-O Nf6 7. Re1 Be7 8. Bg5
d6 9. Nbd2 Nbd7 10. Rc1 Rd8 11. Qe2 e5 12. Bc4 O-O 13. d5 Rfe8 14. Nf1 Nf8 15.
Ng3 h6 16. Bd2 Bc8 17. Bb5 Bd7 18. Bxd7 Qxd7 19. Nf5 Kh7 20. c4 Rb8 21. h3 Ng8
22. Qe3 Ng6 23. g3 Bf8 24. Kg2 N8e7 25. N3h4 Nxh4+ 26. Nxh4 g5 27. Nf3 f5 28.
exf5 Qxf5 29. Nh2 Bg7 30. b3 Ng6 31. Qe4 Ne7 32. Qe2 b5 33. Qe4 bxc4 34. Qxf5+
Nxf5 35. Rxc4 Ne7 36. Ra4 Rb7 37. h4 gxh4 38. Rxh4 Nxd5 39. Ng4 Re6 40. Reh1
Kg8 41. Nxh6+ Bxh6 42. Bxh6 Rh7 43. Rg4+ Kf7 44. Bd2 Rxh1 45. Kxh1 Kf6 46. Rg8
e4 47. Ra8 Re7 48. Rd8 Ke5 49. Kg2 Re6 50. Rd7 Kd4 51. Rxa7 Kd3 52. Bg5 Rg6 53.
Bc1 Kc2 54. Ba3 Rf6 55. Rd7 e3 56. fxe3 Nxe3+ 57. Kg1 Kc3 58. b4 cxb4 59. Rc7+
Nc4 60. Bb2+ Kxb2 61. Rxc4 Ka3 62. Rd4 1/2-1/2

[Event "Ct. Catalunya eq DH"]
[Site "?"]
[Date "2012.??.??"]
[Round "8.8"]
[White "Vehi Bach, VM."]
[Black "Rivas Garcia, V."]
[Result "1-0"]
[WhiteElo "2426"]
[BlackElo "2331"]
[PlyCount "77"]
[EventDate "2012.??.??"]
[EventType "team"]
[EventRounds "11"]

1. e4 e6 2. d4 d5 3. Nc3 Bb4 4. e5 c5 5. a3 Bxc3+ 6. bxc3 Qa5 7. Bd2 Qa4 8. Qb1
c4 9. Ne2 Nc6 10. Nf4 Bd7 11. g3 O-O-O 12. Bh3 f5 13. exf6 Nxf6 14. O-O Ne4 15.
Be1 e5 16. dxe5 Bxh3 17. Nxh3 Nxe5 18. f3 Qd7 19. Kg2 Rhf8 20. Qd1 Qf5 21. Qe2
Nf6 22. g4 Nfxg4 23. fxg4 Qxf1+ 24. Qxf1 Rxf1 25. Kxf1 Nxg4 26. Bf2 Nxh2+ 27.
Kg2 Ng4 28. Bxa7 Re8 29. Nf4 Nf6 30. Bd4 Re4 31. Rf1 g5 32. Bxf6 gxf4 33. Bg5
Re3 34. Rf3 Re2+ 35. Rf2 Re3 36. Bf6 Re4 37. Kf3 Kd7 38. Rh2 Ke6 39. Bd4 1-0

[Event "Ct. Catalunya eq DH"]
[Site "?"]
[Date "2012.??.??"]
[Round "8.9"]
[White "Bosque Ortega, X."]
[Black "Bofill Mas, A."]
[Result "1/2-1/2"]
[WhiteElo "2321"]
[BlackElo "2406"]
[PlyCount "142"]
[EventDate "2012.??.??"]
[EventType "team"]
[EventRounds "11"]

1. d4 Nf6 2. Nf3 e6 3. c3 b6 4. Bf4 Bb7 5. Nbd2 Be7 6. e3 c5 7. Bd3 cxd4 8.
cxd4 Nh5 9. Bg3 d6 10. O-O Nxg3 11. hxg3 O-O 12. Rc1 Nd7 13. Qa4 a6 14. Be4 d5
15. Bd3 g6 16. Qc2 Bd6 17. Nb3 Qe7 18. Qe2 f5 19. Rc2 g5 20. Rfc1 g4 21. Nh4
Rf7 22. a4 Nf8 23. a5 b5 24. Nc5 Bc8 25. Na4 Bd7 26. Nb6 Ra7 27. Nc8 Bxc8 28.
Rxc8 Bb4 29. Qc2 Bxa5 30. Qc6 Kg7 31. Ra1 Qb4 32. Ra8 Rxa8 33. Qxa8 Bc7 34.
Qxa6 Qxb2 35. Bxb5 Qc3 36. Be8 Re7 37. Bc6 Bxg3 38. fxg3 Qxe3+ 39. Kh2 Qxd4 40.
Re1 Qf6 41. Bxd5 f4 42. Re4 fxg3+ 43. Kxg3 h5 44. Rf4 Qc3+ 45. Kh2 Qe5 46. Qf1
Rf7 47. g3 Rxf4 48. gxf4 Qxd5 49. Qa1+ Kf7 50. Qh8 Qc5 51. Qh6 Qf2+ 52. Ng2 g3+
53. Kh3 Qf3 54. Qg5 Ng6 55. Qxg6+ Kxg6 56. Nh4+ Kf6 57. Nxf3 Kf5 58. Kxg3 Ke4
59. Ng5+ Kf5 60. Nf3 Ke4 61. Nh4 Ke3 62. Nf3 Ke4 63. Ne5 h4+ 64. Kg4 h3 65. Nf3
Ke3 66. Kg3 Ke4 67. Nd2+ Kf5 68. Nc4 Ke4 69. Nd2+ Kf5 70. Nf1 h2 71. Nxh2 e5
1/2-1/2

[Event "Ct. Catalunya eq DH"]
[Site "?"]
[Date "2012.03.17"]
[Round "8.9"]
[White "Colls Gelaberto, E."]
[Black "Garcia de Blas, E."]
[Result "1/2-1/2"]
[WhiteElo "2270"]
[BlackElo "2168"]
[PlyCount "44"]
[EventDate "2012.??.??"]
[EventType "team"]
[EventRounds "11"]

1. d4 d5 2. c4 c6 3. e3 Nf6 4. Nf3 e6 5. Nbd2 Nbd7 6. Bd3 g6 7. b3 Qa5 8. Qc2
Bg7 9. a4 O-O 10. b4 Qc7 11. Bb2 Re8 12. O-O Nb6 13. c5 Nbd7 14. Rac1 e5 15.
dxe5 Ng4 16. e4 dxe4 17. Nxe4 Ndxe5 18. Nd6 Re7 19. Be2 Bf5 20. Qb3 Be6 21. Qc2
Bf5 22. Qb3 Be6 1/2-1/2

[Event "Ct. Catalunya eq DH"]
[Site "?"]
[Date "2012.03.17"]
[Round "8.9"]
[White "Dickl, E."]
[Black "Miquel Erice, J."]
[Result "1-0"]
[WhiteElo "2272"]
[BlackElo "2136"]
[PlyCount "103"]
[EventDate "2012.??.??"]
[EventType "team"]
[EventRounds "11"]

1. e4 d5 2. exd5 Qxd5 3. Nf3 Nf6 4. d4 Bg4 5. Be2 c6 6. c4 Qa5+ 7. Bd2 Qb6 8.
c5 Qc7 9. Nc3 Nbd7 10. Qc1 e5 11. Nxe5 Nxe5 12. Bf4 Nfd7 13. dxe5 Nxc5 14. Qe3
Bxe2 15. Qxe2 Ne6 16. Bg3 h5 17. h3 O-O-O 18. O-O g5 19. Ne4 Nf4 20. Bxf4 gxf4
21. Ng5 Rg8 22. Nf3 Bc5 23. Qc4 Bb6 24. Rad1 Rdf8 25. Qxf4 f5 26. Qh6 Qg7 27.
Qxg7 Rxg7 28. Rfe1 Rfg8 29. Nh4 Bd8 30. Rd4 Bxh4 31. Rxh4 Rxg2+ 32. Kf1 R8g5
33. Re3 Kd7 34. Rd4+ Ke6 35. Rd6+ Ke7 36. Rf6 Rh2 37. Rb3 b6 38. Re3 c5 39. a4
h4 40. a5 bxa5 41. Rb3 Rh1+ 42. Ke2 f4 43. Rb7+ Ke8 44. Re6+ Kf8 45. Kf3 Rf5
46. Rxa7 Rf7 47. Ra8+ Kg7 48. Kg4 Rg1+ 49. Kf3 Rb7 50. Ree8 Rb3+ 51. Kxf4 Rf1
52. Re7+ 1-0

[Event "Ct. Catalunya eq DH"]
[Site "?"]
[Date "2012.03.17"]
[Round "8.9"]
[White "Mestre Bellido, H."]
[Black "De la Riva Aguado, J."]
[Result "1/2-1/2"]
[WhiteElo "2380"]
[BlackElo "2325"]
[PlyCount "35"]
[EventDate "2012.??.??"]
[EventType "team"]
[EventRounds "11"]

1. e4 c6 2. d4 d5 3. Nc3 g6 4. exd5 cxd5 5. Bf4 a6 6. Qd2 Nc6 7. Nf3 Bg7 8. h3
Nf6 9. Bh6 O-O 10. Bxg7 Kxg7 11. O-O-O b5 12. Ne5 Bb7 13. Nxc6 Bxc6 14. Bd3 b4
15. Ne2 Qa5 16. Kb1 Bb5 17. Nf4 Bc4 18. Bxc4 1/2-1/2

[Event "Ct. Catalunya eq DH"]
[Site "?"]
[Date "2012.??.??"]
[Round "8.10"]
[White "Lopez Agustench, E."]
[Black "Mingo Fernandez, M."]
[Result "1/2-1/2"]
[WhiteElo "2341"]
[BlackElo "2284"]
[PlyCount "112"]
[EventDate "2012.??.??"]
[EventType "team"]
[EventRounds "11"]

1. d4 d5 2. Nf3 Nf6 3. c4 c6 4. e3 a6 5. b3 Bg4 6. Be2 e6 7. O-O Nbd7 8. Bb2
Be7 9. Nbd2 O-O 10. Ne5 Bxe2 11. Qxe2 Ne8 12. Nxd7 Qxd7 13. e4 Nc7 14. Nf3 Bd6
15. Rad1 Rae8 16. Qc2 Qd8 17. Rfe1 Be7 18. Bc3 Na8 19. Rd3 b5 20. Ne5 Qd6 21.
Rh3 f5 22. c5 Qc7 23. exf5 exf5 24. Bd2 Qb7 25. Rf3 Qc8 26. a4 Bh4 27. g3 Bd8
28. axb5 axb5 29. Qd3 h6 30. h4 Rf6 31. Ra1 Ref8 32. Kg2 Nc7 33. Ra7 Qb8 34.
Ra2 Qc8 35. Bc3 Ne6 36. Qb1 f4 37. Ra7 Bc7 38. Nxc6 Qe8 39. Ne5 fxg3 40. Rxf6
Rxf6 41. fxg3 Qf8 42. Ra2 Bxe5 43. dxe5 Rf3 44. Bb4 Rxg3+ 45. Kxg3 Qf4+ 46. Kg2
Qg4+ 47. Kf1 Qh3+ 48. Kg1 Qg4+ 49. Rg2 Qxb4 50. Qg6 Qe1+ 51. Kh2 Qxh4+ 52. Kg1
Qe1+ 53. Kh2 Qxe5+ 54. Qg3 Qh5+ 55. Kg1 Qd1+ 56. Kh2 Qh5+ 1/2-1/2

[Event "Ct. Catalunya eq DH"]
[Site "?"]
[Date "2012.03.17"]
[Round "8.10"]
[White "Luke Brezmes, C."]
[Black "Llados Peiro, JM."]
[Result "1-0"]
[WhiteElo "2132"]
[BlackElo "2207"]
[PlyCount "59"]
[EventDate "2012.??.??"]
[EventType "team"]
[EventRounds "11"]

1. e4 c6 2. d4 d5 3. e5 Bf5 4. Be2 e6 5. Nf3 Nd7 6. O-O Bg4 7. Nbd2 Ne7 8. h3
Bxf3 9. Nxf3 Ng6 10. c3 Be7 11. Bd3 c5 12. b3 O-O 13. g3 Qb6 14. h4 Rfe8 15.
Bg5 cxd4 16. cxd4 Ba3 17. Be3 Ngf8 18. Ng5 f6 19. exf6 Nxf6 20. Rb1 Bd6 21. Rc1
Rac8 22. Qf3 Ba3 23. Rcd1 Rc7 24. Bf4 Bd6 25. Be5 Bxe5 26. dxe5 Ne4 27. Nxe4
dxe4 28. Qxe4 Qa5 29. a4 b6 30. Bb5 1-0

[Event "Ct. Catalunya eq DH"]
[Site "?"]
[Date "2012.03.17"]
[Round "8.10"]
[White "Triquell Sanchez, M."]
[Black "Hernandez Casillas, JJ."]
[Result "0-1"]
[WhiteElo "2098"]
[BlackElo "2278"]
[PlyCount "112"]
[EventDate "2012.??.??"]
[EventType "team"]
[EventRounds "11"]

1. d4 Nf6 2. Nf3 e6 3. Bf4 b6 4. e3 Bb7 5. Nbd2 Be7 6. c3 d6 7. h3 a6 8. Be2
Nbd7 9. O-O O-O 10. a4 Re8 11. Qc2 Nf8 12. Bh2 Ng6 13. b4 Nd7 14. Bd3 Rc8 15.
Rab1 Bf6 16. Ne4 Be7 17. Qe2 Ra8 18. Ned2 Qc8 19. Be4 Bf6 20. Rfd1 a5 21. Bxb7
Qxb7 22. b5 e5 23. Nc4 Re7 24. Qc2 Rae8 25. Rd2 e4 26. Ne1 Qd5 27. Nb2 Qg5 28.
Qd1 h5 29. Kh1 Qh6 30. Qe2 Bg5 31. Nd1 Nf6 32. Rc1 Kh7 33. c4 Nd7 34. Nc3 Rc8
35. Nd5 Ree8 36. g4 h4 37. Rdc2 Ngf8 38. Ng2 Ne6 39. Ndf4 Rf8 40. Rc3 Rce8 41.
Rd1 Bd8 42. Nxe6 Rxe6 43. Nf4 Ree8 44. Rg1 g5 45. Ng2 f5 46. gxf5 Rxf5 47. Qg4
Rf7 48. Rc2 Kh8 49. c5 dxc5 50. dxc5 Nxc5 51. Rd1 Qe6 52. Qh5+ Rh7 53. Qe2 Qxh3
54. Rxc5 bxc5 55. Qb2+ Kg8 56. Qb3+ Rf7 0-1

[Event "Ct. Catalunya eq DH"]
[Site "?"]
[Date "2012.??.??"]
[Round "9.1"]
[White "Moskalenko, V."]
[Black "Muñoz Pantoja, M."]
[Result "1-0"]
[WhiteElo "2532"]
[BlackElo "2494"]
[PlyCount "104"]
[EventDate "2012.??.??"]
[EventType "team"]
[EventRounds "11"]

1. d4 c5 2. d5 Nf6 3. Nc3 d6 4. e4 e5 5. Be2 Be7 6. Nf3 O-O 7. O-O Ne8 8. Nd2
Nd7 9. a4 a6 10. a5 b5 11. axb6 Nxb6 12. Nb3 f5 13. exf5 Bxf5 14. Rxa6 Rxa6 15.
Bxa6 Qa8 16. Bb5 Nc7 17. Bc6 Qa6 18. Nxc5 Qc4 19. N5a4 Nxa4 20. Bxa4 Qh4 21. g3
Qh3 22. f3 h5 23. Ne4 Bg6 24. Qe2 Qc8 25. c4 Qa6 26. Bc6 Ne6 27. dxe6 Qxc6 28.
Qd3 h4 29. Qd5 Qb6+ 30. Kg2 Bh5 31. gxh4 Qb3 32. Ng3 Bg6 33. Bg5 Bd3 34. Bxe7
Bxc4 35. Qd1 Bxf1+ 36. Qxf1 Re8 37. Bg5 Rxe6 38. Qc1 Re8 39. Qc3 Qe6 40. h5 d5
41. b4 e4 42. fxe4 dxe4 43. Be3 Rc8 44. Qd2 Qb3 45. Bf2 Qf3+ 46. Kg1 Rc3 47.
Nxe4 Qg4+ 48. Ng3 Qxb4 49. Qd5+ Kh7 50. Qf5+ Kh8 51. h6 Rc7 52. hxg7+ Rxg7 {...
interrumpido} 1-0

[Event "Ct. Catalunya eq DH"]
[Site "?"]
[Date "2012.03.24"]
[Round "9.1"]
[White "Movsziszian, K."]
[Black "Bruzon Batista, L."]
[Result "0-1"]
[WhiteElo "2532"]
[BlackElo "2695"]
[PlyCount "52"]
[EventDate "2012.??.??"]
[EventType "team"]
[EventRounds "11"]

1. g3 g6 2. Bg2 Bg7 3. e4 d6 4. d4 Nf6 5. Ne2 O-O 6. h3 Nbd7 7. Nbc3 Rb8 8. a4
c5 9. d5 Ne8 10. Be3 Nc7 11. Qd2 Re8 12. Bh6 Bh8 13. O-O Ne5 14. f4 Nc4 15. Qc1
b5 16. b3 b4 17. Nd1 Na5 18. f5 Ba6 19. Rf2 Bxe2 20. Rxe2 c4 21. Rb1 Na6 22.
Kh2 Rc8 23. Qe3 cxb3 24. cxb3 Be5 25. Bf1 Nc5 26. Qf3 Nd7 {ilegible} 0-1

[Event "Ct. Catalunya eq DH"]
[Site "?"]
[Date "2012.03.24"]
[Round "9.1"]
[White "Peralta, F."]
[Black "Lopez Martinez, JM."]
[Result "1/2-1/2"]
[WhiteElo "2620"]
[BlackElo "2576"]
[PlyCount "55"]
[EventDate "2012.??.??"]
[EventType "team"]
[EventRounds "11"]

1. d4 Nf6 2. c4 g6 3. Nc3 Bg7 4. e4 d6 5. Nf3 O-O 6. Be2 e5 7. Be3 Ng4 8. Bg5
f6 9. Bh4 g5 10. Bg3 Nh6 11. d5 Nd7 12. Nd2 f5 13. exf5 Nf6 14. Nde4 Nxe4 15.
Nxe4 Bxf5 16. Bd3 g4 17. O-O b6 18. Qe2 a5 19. b3 Bd7 20. Rac1 Qe7 21. Rfe1 Nf7
22. Bb1 Ng5 23. Rc3 Nxe4 24. Bxe4 Qg5 25. f3 h5 26. fxg4 hxg4 27. Bf2 Bh6 28.
Be3 1/2-1/2

[Event "Ct. Catalunya eq DH"]
[Site "?"]
[Date "2012.03.24"]
[Round "9.1"]
[White "Torrecillas Martinez, A."]
[Black "Bacallao Alonso, Y."]
[Result "0-1"]
[WhiteElo "2449"]
[BlackElo "2550"]
[PlyCount "64"]
[EventDate "2012.??.??"]
[EventType "team"]
[EventRounds "11"]

1. e4 c6 2. d4 d5 3. exd5 cxd5 4. c4 Nf6 5. Nc3 Nc6 6. Bg5 Be6 7. a3 g6 8. Bxf6
exf6 9. g3 Qe7 10. c5 h5 11. h4 Bh6 12. Nge2 Rd8 13. Bg2 Kf8 14. b4 Kg7 15. Kf1
Rhe8 16. Bf3 f5 17. Nf4 Bxf4 18. gxf4 Qf6 19. Ne2 Bc8 20. Qd2 b6 21. Rb1 Re4
22. Bxe4 fxe4 23. b5 Na5 24. c6 Nc4 25. Qc1 a6 26. a4 axb5 27. axb5 Bg4 28. Rg1
e3 29. fxe3 Qxh4 30. Rxg4 hxg4 31. Rb3 Qh3+ 32. Kg1 Rh8 0-1

[Event "Ct. Catalunya eq DH"]
[Site "?"]
[Date "2012.03.24"]
[Round "9.2"]
[White "Narciso Dublan, M."]
[Black "Gonzalez Rodriguez, JA."]
[Result "1/2-1/2"]
[WhiteElo "2562"]
[BlackElo "2459"]
[PlyCount "88"]
[EventDate "2012.??.??"]
[EventType "team"]
[EventRounds "11"]

1. c4 Nf6 2. Nc3 e6 3. e4 c5 4. e5 Ng8 5. Nf3 Nc6 6. d4 cxd4 7. Nxd4 Nxe5 8.
Ndb5 a6 9. Nd6+ Bxd6 10. Qxd6 f6 11. Be3 Ne7 12. Bb6 Nf5 13. Qc5 Qe7 14. Qxe7+
Kxe7 15. c5 d5 16. cxd6+ Kxd6 17. f4 Nd7 18. O-O-O+ Ke7 19. Bf2 b5 20. Bd3 Nd6
21. Ne4 Nxe4 22. Bxe4 Rb8 23. Ba7 Bb7 24. Bxb8 Bxe4 25. Bd6+ Kf7 26. Rd2 Rc8+
27. Kd1 Nb6 28. Re1 Bf5 29. Ke2 Nc4 30. Rd4 Nxb2 31. Bb4 Rc7 32. h3 h5 33. Ba5
Rc2+ 34. Rd2 Nc4 35. Rxc2 Bxc2 36. Bc3 h4 37. Kf3 f5 38. Rc1 Be4+ 39. Kf2 Bd5
40. Be1 Kg6 41. Bb4 Kf6 42. Bc3+ Kf7 43. Be1 Kf6 44. Bc3+ Kf7 1/2-1/2

[Event "Ct. Catalunya eq DH"]
[Site "?"]
[Date "2012.03.24"]
[Round "9.2"]
[White "Vang Glud, J."]
[Black "Rios Gomez, CC."]
[Result "1/2-1/2"]
[WhiteElo "2497"]
[BlackElo "2384"]
[PlyCount "43"]
[EventDate "2012.??.??"]
[EventType "team"]
[EventRounds "11"]

1. c4 c5 2. g3 Nc6 3. Bg2 g6 4. Nc3 Bg7 5. a3 e6 6. b4 Nxb4 7. axb4 cxb4 8. d4
bxc3 9. e3 Ne7 10. Ne2 Qc7 11. Qb3 d6 12. Nxc3 a6 13. Nb5 Qd7 14. Qb4 Nf5 15.
g4 Rb8 16. gxf5 axb5 17. fxe6 Qxe6 18. Bd5 Qe7 19. Qxb5+ Bd7 20. Qb6 O-O 21.
Ba3 Bc6 22. Bxc6 1/2-1/2

[Event "Ct. Catalunya eq DH"]
[Site "?"]
[Date "2012.03.24"]
[Round "9.3"]
[White "Lariño Nieto, D."]
[Black "Pomes Marcet, J."]
[Result "1-0"]
[WhiteElo "2442"]
[BlackElo "2347"]
[PlyCount "149"]
[EventDate "2012.??.??"]
[EventType "team"]
[EventRounds "11"]

1. e4 e6 2. d3 d5 3. Nd2 c5 4. Ngf3 Nc6 5. g3 Bd6 6. Bg2 Nge7 7. O-O O-O 8. Re1
Qc7 9. Qe2 f6 10. c3 d4 11. cxd4 cxd4 12. Nc4 Bb4 13. Rf1 b5 14. Ncd2 e5 15.
Nh4 Bd6 16. a4 b4 17. Nc4 Be6 18. f4 Na5 19. Nxa5 Qxa5 20. f5 Bb3 21. g4 h6 22.
Nf3 Rac8 23. Nd2 Bc2 24. h4 Qa6 25. Rf3 g5 26. fxg6 Nxg6 27. Nc4 Bxd3 28. Qxd3
Qxc4 29. Bxh6 Qxd3 30. Rxd3 Rfe8 31. Kh1 Nxh4 32. Bh3 Rc7 33. Rf1 Bf8 34. Bd2
Bg7 35. g5 fxg5 36. Rg3 Ng6 37. Rxg5 Nf4 38. Bf5 a5 39. Bg4 Rc2 40. Bxf4 exf4
41. Rxf4 d3 42. Rd5 Rxb2 43. Rxd3 Rb1+ 44. Kg2 Rb2+ 45. Kf3 b3 46. Bd7 Rf8 47.
Be6+ Kh7 48. Bf5+ Kg8 49. e5 Rb1 50. Be6+ Kh7 51. Rxf8 Bxf8 52. Bxb3 Re1 53.
Rd5 Bb4 54. Bc2+ Kg7 55. Rd7+ Kf8 56. Be4 Rf1+ 57. Kg4 Rf2 58. e6 Rf1 59. Bf3
Rf2 60. Rf7+ Kg8 61. Rf5 Kg7 62. Rf7+ Kg8 63. Kg3 Be1 64. Kf4 Bb4 65. Ke3 Rf1
66. Kd4 Rf2 67. Ke5 Rf1 68. Kd4 Rf2 69. Kc4 Rf1 70. Kb5 Rf2 71. Kc6 Rf1 72. Kd7
Rf2 73. Ke8 Rf1 74. e7 Rf2 75. Bd5 1-0

[Event "Ct. Catalunya eq DH"]
[Site "?"]
[Date "2012.??.??"]
[Round "9.3"]
[White "Moreno Carretero, C."]
[Black "Fluvia Poyatos, Jordi"]
[Result "0-1"]
[WhiteElo "2251"]
[BlackElo "2499"]
[PlyCount "72"]
[EventDate "2012.??.??"]
[EventType "team"]
[EventRounds "11"]

1. e4 d6 2. d4 Nf6 3. f3 d5 4. e5 Nfd7 5. f4 c5 6. c3 cxd4 7. cxd4 Nb6 8. Nc3
Nc6 9. Nf3 Bg4 10. Be3 e6 11. Bd3 Nc4 12. Bxc4 dxc4 13. h3 Bf5 14. O-O Bb4 15.
a3 Bxc3 16. bxc3 h5 17. a4 Ne7 18. Bc1 Nd5 19. Qd2 Qa5 20. Bb2 Rc8 21. Nh2 Rc6
22. g4 hxg4 23. hxg4 Bd3 24. Rf2 Qd8 25. g5 Ne7 26. Ng4 Qd5 27. Rh2 Rxh2 28.
Nxh2 Kd7 29. Kf2 Rc8 30. Ng4 Rh8 31. Rg1 Rh3 32. Rg3 Rxg3 33. Kxg3 Nf5+ 34. Kh2
Qf3 35. Qg2 Qxf4+ 36. Kh3 Bf1 0-1

[Event "Ct. Catalunya eq DH"]
[Site "?"]
[Date "2012.03.24"]
[Round "9.3"]
[White "Pogorelov, R."]
[Black "Cuadras Avellana, J."]
[Result "1-0"]
[WhiteElo "2460"]
[BlackElo "2383"]
[PlyCount "86"]
[EventDate "2012.??.??"]
[EventType "team"]
[EventRounds "11"]

1. Nf3 Nf6 2. c4 e6 3. Nc3 Bb4 4. Qc2 c5 5. a3 Ba5 6. g3 Nc6 7. Bg2 O-O 8. O-O
d5 9. cxd5 exd5 10. d3 Bg4 11. Bg5 Bxf3 12. exf3 Nd4 13. Qd1 Bxc3 14. bxc3 Ne6
15. f4 Nxg5 16. fxg5 Ne8 17. Qb3 Qxg5 18. Qxb7 Nf6 19. c4 dxc4 20. dxc4 Qg4 21.
Rac1 h5 22. Qa6 Rac8 23. Qxa7 h4 24. h3 Qg5 25. g4 Qf4 26. Qb7 Rb8 27. Qe7 Rfc8
28. a4 Rb4 29. Qe2 Re8 30. Qc2 Reb8 31. Ra1 g6 32. a5 Nxg4 33. hxg4 h3 34. Qe4
Qf6 35. a6 hxg2 36. Kxg2 Qd8 37. a7 Ra8 38. Rfd1 Qc8 39. Rd7 Rb6 40. Rad1 Ra6
41. Qd5 Qf8 42. Rxf7 Qxf7 43. Qxa8+ Kg7 1-0

[Event "Ct. Catalunya eq DH"]
[Site "?"]
[Date "2012.03.24"]
[Round "9.3"]
[White "Sanchez Ibern, M."]
[Black "Perez Mitjans, O."]
[Result "1-0"]
[WhiteElo "2415"]
[BlackElo "2525"]
[PlyCount "125"]
[EventDate "2012.??.??"]
[EventType "team"]
[EventRounds "11"]

1. e4 e6 2. d4 d5 3. Nc3 Bb4 4. e5 c5 5. Bd2 Ne7 6. Nb5 Bxd2+ 7. Qxd2 O-O 8. f4
cxd4 9. Nf3 Nbc6 10. Bd3 f6 11. O-O-O fxe5 12. fxe5 Nf5 13. Bxf5 Rxf5 14. Rhe1
Bd7 15. Nbxd4 Nxd4 16. Nxd4 Rf8 17. Re3 Qc7 18. Rde1 Rf7 19. Rc3 Qd8 20. Rf3
Rxf3 21. gxf3 Qh4 22. f4 Rf8 23. Rf1 Qg4 24. Qe3 Qg2 25. Qf2 Qe4 26. h4 b5 27.
Kd2 b4 28. Qe3 Qg2+ 29. Qf2 Qg4 30. Ke3 Qh3+ 31. Kd2 Qg4 32. Ke3 Qg6 33. Qf3
Rc8 34. f5 Qh6+ 35. Qf4 Qxf4+ 36. Kxf4 Rc4 37. Rd1 Kf7 38. fxe6+ Bxe6 39. Ke3
Bg4 40. Rf1+ Ke7 41. Ra1 a5 42. a3 bxa3 43. Rxa3 a4 44. b3 Rc3+ 45. Kd2 Rh3 46.
Rxa4 h5 47. Ra7+ Kf8 48. e6 Rxh4 49. e7+ Kf7 50. Nc6 Rh2+ 51. Kc3 Re2 52. Kd4
Kf6 53. Ra8 Re4+ 54. Kxd5 Rxe7 55. Rf8+ Rf7 56. Rxf7+ Kxf7 57. Ne5+ Kf6 58.
Nxg4+ Kf5 59. Nf2 g5 60. c4 g4 61. c5 g3 62. Nh3 Kg4 63. Ng1 1-0

[Event "Ct. Catalunya eq DH"]
[Site "?"]
[Date "2012.03.24"]
[Round "9.4"]
[White "Lillo Castany, V."]
[Black "Jose Abril, R."]
[Result "1/2-1/2"]
[WhiteElo "2349"]
[BlackElo "2413"]
[PlyCount "89"]
[EventDate "2012.??.??"]
[EventType "team"]
[EventRounds "11"]

1. e4 c5 2. Nf3 Nc6 3. d4 cxd4 4. Nxd4 Nf6 5. Nc3 e5 6. Ndb5 d6 7. Bg5 a6 8.
Na3 b5 9. Nd5 Be7 10. Bxf6 Bxf6 11. c3 Bg5 12. Nc2 Rb8 13. b3 O-O 14. a4 bxa4
15. Rxa4 Ne7 16. Nxe7+ Qxe7 17. Nb4 Qb7 18. Bd3 a5 19. Rxa5 Qc7 20. Qa1 Bb7 21.
Rb5 f5 22. O-O fxe4 23. Bc4+ Kh8 24. Qa7 e3 25. Nd5 Qc6 26. fxe3 Rxf1+ 27. Bxf1
Rf8 28. Bc4 Bc8 29. Rb8 Qe8 30. Qc7 Qg6 31. Nf4 Qe4 32. g3 Qxe3+ 33. Kg2 Qe4+
34. Kg1 Bxf4 35. gxf4 Qe3+ 36. Kh1 Qf3+ 37. Kg1 Qg4+ 38. Kh1 Qd1+ 39. Kg2 Bh3+
40. Kxh3 Qf3+ 41. Kh4 Qxf4+ 42. Kh3 Qf3+ 43. Kh4 Qf4+ 44. Kh3 Qf3+ 45. Kh4
1/2-1/2

[Event "Ct. Catalunya eq DH"]
[Site "?"]
[Date "2012.03.24"]
[Round "9.4"]
[White "Matnadze, A."]
[Black "Barbero Sendic, A."]
[Result "1-0"]
[WhiteElo "2498"]
[BlackElo "2385"]
[PlyCount "85"]
[EventDate "2012.??.??"]
[EventType "team"]
[EventRounds "11"]

1. d4 Nf6 2. Nf3 g6 3. g3 Bg7 4. Bg2 O-O 5. O-O d6 6. c4 c6 7. Nc3 Qb6 8. b3
Bg4 9. Bb2 Nbd7 10. Ne1 g5 11. Qd2 h6 12. h3 Bh5 13. e4 e5 14. Nc2 Bg6 15. Rad1
Rfe8 16. d5 cxd5 17. Nxd5 Nxd5 18. Qxd5 Nf6 19. Qd3 Rad8 20. Ne3 Qa6 21. a4 Qc6
22. Nd5 a6 23. Qe3 Nd7 24. Ba3 Kh8 25. h4 f6 26. hxg5 hxg5 27. Bh3 Kg8 28. f3
Nc5 29. Bxc5 Qxc5 30. Qxc5 dxc5 31. Nc7 Rxd1 32. Rxd1 Re7 33. Rd8+ Kh7 34. Nd5
Rf7 35. Be6 Rf8 36. Rd7 f5 37. exf5 Bxf5 38. Bxf5+ Rxf5 39. Kg2 g4 40. fxg4 Rf8
41. Ne7 Rf7 42. g5 Kh8 43. Rd8+ 1-0

[Event "Ct. Catalunya eq DH"]
[Site "?"]
[Date "2012.03.24"]
[Round "9.4"]
[White "Simon Padros, E."]
[Black "Gual Pascual, A."]
[Result "0-1"]
[WhiteElo "2310"]
[BlackElo "2504"]
[PlyCount "64"]
[EventDate "2012.??.??"]
[EventType "team"]
[EventRounds "11"]

1. e4 d6 2. d4 Nf6 3. Nc3 g6 4. Be2 Bg7 5. g4 d5 6. e5 Ne4 7. Nxe4 dxe4 8. Be3
c5 9. c3 cxd4 10. cxd4 Nc6 11. Qd2 Be6 12. Nh3 h5 13. Ng5 Bxg4 14. e6 f5 15. d5
Ne5 16. Bb5+ Kf8 17. h3 a6 18. hxg4 axb5 19. gxf5 gxf5 20. Kf1 h4 21. Bc5 Nd3
22. d6 exd6 23. Nf7 Qf6 24. Bxd6+ Kg8 25. Ng5 Rh5 26. Rg1 h3 27. f4 h2 28. Rh1
Qd4 29. Rxh2 e3 30. Qc2 Qxd6 31. Rxh5 Qxf4+ 32. Ke2 Qf2+ 0-1